| 000 | 00388cam a2200145ua 4500 | ||
|---|---|---|---|
| 041 |
_aeng _h |
||
| 082 |
_a828.09 _bEVE/ES |
||
| 100 | _aEverett, Dorothy . | ||
| 245 |
_aEssays on middle English literature / _cDorothy everett. _hTextual Documents |
||
| 260 |
_aLondon : _bOxford at the Clarendon Press , _c1964. |
||
| 300 | _a179 ; . | ||
| 504 | _a | ||
| 942 | _cBK | ||
| 999 |
_c5356 _d5356 |
||